Apuntes sobre la responsabilidad penal del socio no administrador por los delitos tributarios de la empresa (Registro nro. 20599)
[ vista simple ]
| 000 -LEADER | |
|---|---|
| fixed length control field | 00389 a2200109 4500 |
| 001 - CONTROL NUMBER | |
| control field | ART_59768 |
| 005 - DATE AND TIME OF LATEST TRANSACTION | |
| control field | 20260410161801.0 |
| 008 - FIXED-LENGTH DATA ELEMENTS--GENERAL INFORMATION | |
| fixed length control field | 260409a |
| 100 1# - MAIN ENTRY--PERSONAL NAME | |
| Personal name | Robiglio, Carolina L. |
| 245 10 - TITLE STATEMENT | |
| Title | Apuntes sobre la responsabilidad penal del socio no administrador por los delitos tributarios de la empresa |
| 773 0# - HOST ITEM ENTRY | |
| Title | Doctrina tributaria |
| Related parts | - N° 524 (nov. 2023) |
| Record control number | REV4296 |
No hay ítems disponibles.